Applied general mathematics (Record no. 543588)
[ view plain ]
| 000 -LEADER | |
|---|---|
| fixed length control field | 00470cam a22001451 4500 |
| 082 ## - DEWEY DECIMAL CLASSIFICATION NUMBER | |
| Classification number | 510 |
| Author Mark | PIP |
| -- | L-3, P-17 |
| 100 1# - MAIN ENTRY--PERSONAL NAME | |
| Personal name | Piper, Edwin Bancroft, |
| 9 (RLIN) | 38998 |
| 245 10 - TITLE STATEMENT | |
| Title | Applied general mathematics |
| Statement of responsibility, etc. | [by] Edwin B. Piper, Randolph S. Gardner [and] Joseph Gruber. |
| 250 ## - EDITION STATEMENT | |
| Edition statement | 2d ed. |
| 260 ## - PUBLICATION, DISTRIBUTION, ETC. | |
| Place of publication, distribution, etc. | Cincinnati, |
| Name of publisher, distributor, etc. | South-western Pub. Co. |
| Date of publication, distribution, etc. | [1960] |
| 300 ## - PHYSICAL DESCRIPTION | |
| Extent | 566 p. |
| Other physical details | illus. |
| Dimensions | 23 cm. |
| 526 ## - STUDY PROGRAM INFORMATION NOTE | |
| Program name | 0 |
| Interest level | 0 |
| Reading level | 0 |
| Title point value | 510_000000000000000_PIP |
| 650 #0 - SUBJECT ADDED ENTRY--TOPICAL TERM | |
| Topical term or geographic name entry element | Mathematics. |
| 942 ## - ADDED ENTRY ELEMENTS (KOHA) | |
| Source of classification or shelving scheme | |
| Koha item type | Book |
| Withdrawn status | Lost status | Source of classification or shelving scheme | Damaged status | Not for loan | Permanent Location | Current Location | Date acquired | Total Checkouts | Full call number | Barcode | Date last seen | Date last checked out | Price effective from | Koha item type |
|---|---|---|---|---|---|---|---|---|---|---|---|---|---|---|
| Military College of Engineering (MCE) | Military College of Engineering (MCE) | 03/27/2014 | 1 | 510 PIP | MCE-2522 | 10/17/2016 | 10/17/2016 | 03/27/2014 | Book |
